| 000 | 00866nam a2200217Ia 4500 | ||
|---|---|---|---|
| 999 |
_c39196 _d39196 |
||
| 001 | 5781 | ||
| 003 | GE_BSU | ||
| 005 | 20190506115417.0 | ||
| 008 | 181216s1981||||ge |||||||||||||| ||geo|| | ||
| 040 | _cGE_BSU | ||
| 041 | _ageo | ||
| 080 | _a628.2(075.8) ნ-23 | ||
| 100 |
_aნამგალაძე, პ. _9752 |
||
| 245 |
_aკანალიზაცია პირველი ნაწილი : _bსახელმძღვ. / _cპ. ნამგალაძე ; რედ. პ.ლაბარტყავა. |
||
| 264 |
_aთბილისი : _bგანათლება, _c1981. |
||
| 300 |
_a312 გვ. : _bილ. ; _c22 სმ |
||
| 504 | _aბიბლიოგრ. : 307 გვ. | ||
| 653 | _aკანალიზაცია | ||
| 700 |
_aლაბარტყავა. პ. _eრადაქტორი _9523 |
||
| 942 |
_cBK _2udc |
||